000 00531cab a2200217 4500
001 X782
008 090401t1993 xxu||||| |||| 00| 0 eng d
035 _a(Sirsi) u67438
041 _aeng
245 _aClive Lewis pledges support for CCT challenge
260 _c1993
350 _a0
490 _aCSM (Chartered Surveyor Monthly)
_v2(9) June 1993, 2(1)
650 _aCCT
650 _aCLIVE LEWIS
650 _aCODE OF PRACTICE
650 _aRICS
690 _aECONOMIC AND SOCIAL
942 _n0
948 _c04/03/1997
999 _c42200
_d42200